Score 0/8 Timer 02:00
0 Plays Today
% Correct
Captain Jean-Luc Picard
80%
General Obi-Wan Kenobi
78.9%
Lieutenant Dan Taylor
70.6%
Private Beetle Bailey
63.8%
Corporal Maxwell Q. Klinger
61.4%
Colonel Hans Landa
21.3%
Major Guile
17.2%
Sergeant Abraham Ford
14%
Remove Ads.
Support Sporcle.
Get the best of Sporcle when you Go Orange. This ad-free experience offers more features, more stats, and more fun while also helping to support Sporcle. Thank you for becoming a member.

You're not logged in!

Compare scores with friends on all Sporcle quizzes.
OR
Log In

Show Comments

Extras

Top Quizzes Today


Score Distribution

Your Account Isn't Verified!

In order to create a playlist on Sporcle, you need to verify the email address you used during registration. Go to your Sporcle Settings to finish the process.

Report this User

Report this user for behavior that violates our Community Guidelines.

Details: